গণযুগ ও গণতন্ত্র / (Record no. 43975)
[ view plain ]
| 000 -LEADER | |
|---|---|
| fixed length control field | 00833nam a2200229 a 4500 |
| 001 - CONTROL NUMBER | |
| control field | 43975 |
| 003 - CONTROL NUMBER IDENTIFIER | |
| rucl marc code | BD-RjUL |
| 005 - DATE AND TIME OF LATEST TRANSACTION | |
| control field | 20211209053759.0 |
| 008 - FIXED-LENGTH DATA ELEMENTS--GENERAL INFORMATION | |
| fixed length control field | 160630r19821967ii ||||| |||| 00| 0 ben d |
| 020 ## - INTERNATIONAL STANDARD BOOK NUMBER | |
| Terms of availability | : Tk. 6.00 |
| 035 ## - SYSTEM CONTROL NUMBER | |
| System control number | (BD-RjUL)44093 |
| 040 ## - CATALOGING SOURCE | |
| Original cataloging agency | BD-RjUL |
| Language of cataloging | ben |
| Transcribing agency | BD-RjUL |
| 041 ## - LANGUAGE CODE | |
| Language code of text/sound track or separate title | ben |
| 082 ## - DEWEY DECIMAL CLASSIFICATION NUMBER | |
| Edition number | 23 |
| Classification number | 321.8 |
| Author mark and year | DUG 1982 |
| 100 ## - MAIN ENTRY--PERSONAL NAME | |
| Personal name | দত্ত, অম্লান. |
| 9 (RLIN) | 119885 |
| 245 10 - TITLE STATEMENT | |
| Title | গণযুগ ও গণতন্ত্র / |
| Statement of responsibility, etc. | অম্লান দত্ত, |
| 260 ## - PUBLICATION, DISTRIBUTION, ETC. (IMPRINT) | |
| Place of publication, distribution, etc. | কলকাতা : |
| Name of publisher, distributor, etc. | আনন্দ পাবলিশার্স প্রাইভেট লিমিটেড, |
| Date of publication, distribution, etc. | ১৯৬৭, [ মুদ্রণ ১৯৮২ ] |
| 300 ## - PHYSICAL DESCRIPTION | |
| Pagination | ৪৯ পৃ. ; |
| Size | ২১ সেমি. |
| 650 ## - SUBJECT ADDED ENTRY--TOPICAL TERM | |
| Topical term or geographic name as entry element | গণতন্ত্র |
| 9 (RLIN) | 135073 |
| Topical term or geographic name as entry element | Democracy. |
| 9 (RLIN) | 135074 |
| 942 ## - ADDED ENTRY ELEMENTS (KOHA) | |
| Source of classification or shelving scheme | Dewey Decimal Classification |
| Koha item type | Books |
| Lost status | Source of classification or shelving scheme | Damaged status | Not for loan | Collection code | Permanent Location | Current Location | Shelving location | Date acquired | Source of acquisition | Cost, normal purchase price | Total Checkouts | Full call number | Date last seen | Copy number | Koha item type | Date checked out |
|---|---|---|---|---|---|---|---|---|---|---|---|---|---|---|---|---|
| Dewey Decimal Classification | Non-fiction | Central Library, University of Rajshahi | Central Library, University of Rajshahi | 07/12/1983 | Tulip Enterprise, Dhaka | 6.00 | B 321.8 DUG 1982 | 30/06/2016 | C-2 | Books | ||||||
| Dewey Decimal Classification | Non-fiction | Central Library, University of Rajshahi | Central Library, University of Rajshahi | 01/06/1973 | Uttorbango lib.,Rajshahi. | 3.00 | 1 | B 321.8 DUG 1969 | 14/03/2019 | C-3 | Books | 14/03/2019 | ||||
| Dewey Decimal Classification | Not For Loan | Non-fiction | Central Library, University of Rajshahi | Central Library, University of Rajshahi | Reading Room | 02/04/1974 | Ahsania mission, Dhaka. | 4.50 | B 321.8 DUG 1982 | 17/12/2016 | C-1 | Books |